MDQL
is popping MORE tags! Check the
thread
!
Quizzes
Events
Quiz Creation
Community
Videos
Private Events
Remove Ads
Sign In
Join for FREE
Feedback
Dark Mode
Quiz Categories
Sports
Geography
Music
Movies
Television
Just For Fun
Miscellaneous
History
Literature
Language
Science
Gaming
Entertainment
Religion
Holiday
For Kids
Quiz Lab
Recent
Popular Today
Quiz Kudos Today
Editor Picks
Curator Picks
Quizzes by...
Day
Popularity
Type
Ratings
Length
Year
Community
Subscriptions
Recent Discussions
Orange Saloon
Badges
Playlists
Quests
Create
Leaderboards
Showdown
Live 5
Trivia Bingo
Activity
Puzzle Library
Sporcle Events
Private Events
Virtual Trivia
Globe League
Become a Host
Pub Owners
SporcleCon
Opinionation
Our Games
Videos
Blog
Mobile Apps
Partnerships
Remove Ads and Go Orange
Feedback
Sports
Athletes
MLB
NBA
NHL
NFL
Soccer
Sports Teams
WWE
NCAA
Football
Premier League
Basketball
Baseball
Hockey
Golf
Tennis
Cricket
Rugby
Auto Racing
Olympics
World Cup
Sports
Athletes
MLB
NBA
NHL
NFL
Soccer
Sports Teams
WWE
NCAA
Football
Premier League
Basketball
Baseball
Hockey
Golf
Tennis
Cricket
Rugby
Auto Racing
Olympics
World Cup
Random Quiz
Search Sporcle
×
Quiz Lab
Quiz Lab
Sports
World
Type in answers that appear in a list
Type in answers that appear in a list
Classic
Best Score? Go Orange.
Golf world rankings 9.7.10 Stats
Can you name the golf world rankings 9.7.10?
By
jordano165
10m
40 Questions
775 Plays
775 Plays
775 Plays
Comments
Comments
Give Quiz Kudos
Give Quiz Kudos
-
- Ratings
hide this ad
Replay
Link that replays current quiz
Next Quiz
Link to next quiz in quiz playlist
You Got
0%
They Got
Avg Score
54%
Avg Friend Score
Upgrade to see
Score Distribution
Jump to the score distribution portion of the page
Score
0/40
Timer
10:00
0
Plays Today
nationality
player
% Correct
usa
tiger woods
99.7%
usa
phil mickelson
96.9%
eng
lee westwood
90.7%
nir
rory mcilroy
86.1%
rsa
enrie els
84.9%
eng
luke donald
81.7%
nir
graeme mcdowell
77.4%
irl
padraig harrington
77.2%
deu
martin kaymer
74.8%
usa
steve stricker
71.7%
eng
ian poulter
71%
usa
jim furyk
69.9%
eng
paul casey
66.5%
rsa
retief goosen
66.2%
usa
dustin johnson
66.2%
eng
justin rose
66.1%
usa
zach johnson
65.9%
col
camilo villegas
65.8%
swe
henrik stenson
61%
arg
angel cabrera
59.2%
nationality
player
% Correct
aus
geoff ogilvy
49.9%
swe
robert karlsson
49.3%
usa
anthony kim
47.7%
esp
miguel a. jimenez
46.1%
rsa
tim clark
42.7%
rsa
carl schwartzel
42.1%
usa
stewart cink
42.1%
usa
hunter mahan
38.6%
usa
rickie fowler
38.6%
aus
robert allenby
37.9%
usa
matt kuchar
36.8%
eng
ross fisher
32.6%
usa
kenny perry
32.1%
esp
alvaro quiros
32%
kor
k.j.choi
31.7%
kor
y.e.yang
26.3%
usa
nick watney
23.2%
usa
lucas glover
23%
usa
sean o'hair
13%
ita
f.molinari
9.2%
Quiz Playlist
Details
Report
Send in Message
Add To Playlist
Classic:
Type in answers that appear in a list
Last Updated: Feb 16, 2017
Quiz Scoreboard
CHALLENGE
Sign Up to Join the Scoreboard
Show All
Scores
Hide
Comments
May contain spoilers
Recently Published
Image Sorting: Flags VI
by Barbecue
Geography
2m
Find the 'City' Movie
by crazypaving
Movies
60s
Colored Red Africa Blitz
by spor1
Geography
45s
More to Explore
Quiz From the Vault
Featured Blog Post
14 Easter Pick-up Lines to Find Eggs With
hide this ad
You Might Also Like...
Tags
Golf Quiz
World Quiz
Banking
Nationality
Player
Today's Top Quizzes in Sports
Browse Sports
hide this ad
Today's Top Quizzes in World
Browse World
Top Contributed Quizzes in Sports
1
Les meilleurs buteurs des matchs entre le PSG et l’OM
2
Les entraîneurs de l'OM et du PSG au 21e siècle
3
Les joueurs passés par le PSG et l'OM
4
2022 World Cup Stars
5
Players with Multiple 50 Home Run Seasons
6
Criteria MLB: Left Handed Sluggers
7
Les joueurs passés par le LOSC et le RC Lens
8
NBA Logic Puzzle 2.0
9
MLB Players with Two .350 Batting Average Seasons
10
FIFA Club World Cup Champions
Explore More
Trending Topics
Disney
Crossword
Harry Potter
NBA
Anime
Marvel
Kpop
Country
Soccer
The Office
NFL
Song
WWE
Pokémon
Puzzle
hide this ad
More By:
jordano165
Quiz
Plays
Rating
Category
Featured
Created
typing challenge by jordano165
779
1.85
Just For Fun
Jun 28, 2010
golf world rankings 9.7.10
775
2.38
Sports
Jul 9, 2010
bad meets evil - hell: the sequel songlist
203
5.00
Music
Jul 7, 2011
south park ultimate quiz!! by jordano165
131
1.50
Just For Fun
Jul 1, 2010
biology revision
72
Science
Sep 7, 2010
Go to Creator's Profile
Score Distribution
Quiz Creator Spotlight
jordano165
Follow
Send a Message
Quizzes Created
-
Created Quiz Play Count
-
More By This Creator
Popular Quizzes Today
1
Colored Red Africa Blitz
2
Find the US States - No Outlines Minefield
3
Find the 'City' Movie
4
5x2 Blitz: Bands
5
The Countries of the World
6
Find the US States
7
Find the Countries of Europe - No Outlines Minefield
8
US States
More Sports Quizzes
Conference USA
Curator's Pick
Trending Quizzes
Colored Red Europe Blitz I
Colored Red Europe Blitz II
Colored Red Africa Blitz II
Colored Red Europe Blitz III
Colored Red Africa Blitz III
Recently Updated
How Do You Spell That?
pecheneg
Godzilla Movies
pecheneg
Grab Bag: 4-10 Letters
pecheneg
2024 March Madness Bracket
pecheneg
Famous TV Couples
Peacemaker
Champions League XIs: Real Madrid
pecheneg
Largest US Cities 1790-2010
pecheneg
Rides in Walt Disney World
pecheneg
Most Oscar Losses (Acting)
pecheneg
Beyoncé Albums
pecheneg
Trending Topics
Anime
Marvel
NBA
Crossword
Harry Potter
Disney
Kpop
NFL
Country
The Office
Song
Soccer
WWE
Puzzle
Pokémon
Your Account Isn't Verified!
In order to create a playlist on Sporcle, you need to verify the email address you used during registration. Go to your
Sporcle Settings
to finish the process.
Report this User
Report this user for behavior that violates our
Community Guidelines
.
Details:
Send Report
Go to the Sporcle.com Mobile Site →
Comments